Algebra y trigonometría con geometría analítica

Guardat en:
Dades bibliogràfiques
Autors principals: Swokowski, Earl William (Autor), Cole, Jeffery A (Autor)
Format: Llibre
Idioma:espanyol
Publicat: Ciudad de México Thomson 2007
Edició:11a. ed
Matèries:
Etiquetes: Afegir etiqueta
Sense etiquetes, Sigues el primer a etiquetar aquest registre!

MARC

LEADER 00000cam a2200000 a 4500
001 UCI7778
003 CL-VaPUC
008 080725e20070000MX |||||||||||||||||spa|d
020 |a 9706865403 
082 0 4 |a 512  |b SWO  |2 21 
100 0 |a Swokowski, Earl William  |e author  |9 531055 
700 0 |a Cole, Jeffery A  |e author  |9 531056 
245 1 0 |a Algebra y trigonometría con geometría analítica 
250 |a 11a. ed 
300 |a 893 p 
942 |c BK 
945 |d 20080725 00:00:00  |a rbrito 
260 |a Ciudad de México  |b Thomson  |c 2007 
500 |a Incluye CD 
650 0 |a Álgebra  |9 259567 
650 0 |a Trigonometría   |9 259568 
650 0 |a Números reales   |9 270334 
650 0 |a Ecuaciones  |9 260137 
650 0 |a Funciones   |9 263869 
650 0 |a Trigonometría   |9 259568 
650 7 |a SERIES  |2 CL-VaPUC  |9 325542 
650 0 |a Geometría analítica   |9 260062 
583 |a last modification  |c 20120924 13:44:08  |k Rodrigo Vera 
999 |c 330925  |d 330923 
952 |0 0  |1 0  |2 ddc  |4 0  |6 512_000000000000000_SWO_2007  |7 0  |8 A  |9 416859  |a BIBING  |b BIBING  |c RES  |d 2019-11-22  |i 4459806  |l 5  |m 2  |o 512 SWO 2007  |p 4459806  |r 2025-01-20  |s 2024-06-04  |w 2019-11-22  |y BK  |k EIE 
952 |0 0  |1 0  |2 ddc  |4 0  |6 512_000000000000000_SWO_2007  |7 0  |8 A  |9 416860  |a BIBING  |b BIBING  |c RES  |d 2019-11-22  |i 4459814  |l 7  |o 512 SWO 2007  |p 4459814  |r 2025-01-20  |s 2023-06-12  |w 2019-11-22  |y BK  |k EIE 
952 |0 0  |1 0  |2 ddc  |4 0  |6 512_000000000000000_SWO_2007  |7 0  |8 A  |9 416861  |a BIBING  |b BIBING  |c RES  |d 2019-11-22  |i 4910427  |l 7  |o 512 SWO 2007  |p 4910427  |r 2025-01-20  |s 2024-06-05  |w 2019-11-22  |y BK  |k EIE